Central Library OPAC University of Rajshahi

নজরুল সান্নিধ্যে : (Record no. 54174)

MARC details
000 -LEADER
fixed length control field 01008nam a2200229 a 4500
001 - CONTROL NUMBER
control field 54174
003 - CONTROL NUMBER IDENTIFIER
rucl marc code BD-RjUL
005 - DATE AND TIME OF LATEST TRANSACTION
control field 20211209080101.0
008 - FIXED-LENGTH DATA ELEMENTS--GENERAL INFORMATION
fixed length control field 161102s1994 ii ||||| |||| 00| 0 ben d
020 ## - INTERNATIONAL STANDARD BOOK NUMBER
Terms of availability : Irs 30.00
035 ## - SYSTEM CONTROL NUMBER
System control number (BD-RjUL)54296
040 ## - CATALOGING SOURCE
Original cataloging agency BD-RjUL
Language of cataloging ben
Transcribing agency BD-RjUL
041 ## - LANGUAGE CODE
Language code of text/sound track or separate title ben
082 ## - DEWEY DECIMAL CLASSIFICATION NUMBER
Edition number 23
Classification number 891.4415
Author mark and year GHN 1994
100 ## - MAIN ENTRY--PERSONAL NAME
Personal name ঘোষ, সুশীলকুমার
9 (RLIN) 161707
245 10 - TITLE STATEMENT
Title নজরুল সান্নিধ্যে :
Remainder of title উদ্ধৃতি সংকলন, সংক্ষিপ্ত জীবনী, না-জানা কিছু ঘটনা /
Statement of responsibility, etc. সুশীলকুমার ঘোষ
260 ## - PUBLICATION, DISTRIBUTION, ETC. (IMPRINT)
Place of publication, distribution, etc. কলিকাতা :
Name of publisher, distributor, etc. নবপত্র প্রকাশন,
Date of publication, distribution, etc. ১৯৯৪ [১৪০১]
300 ## - PHYSICAL DESCRIPTION
Pagination [১০], ১০৮ পৃ. ;
Size ২১ সেমি.
600 ## - SUBJECT ADDED ENTRY--PERSONAL NAME
Personal name ইসলাম, কাজী নজরুল
Dates associated with a name ১৮৯৯-১৯৭৬
Personal name Islam, kazi Nazrul
Dates associated with a name 1899-1976
942 ## - ADDED ENTRY ELEMENTS (KOHA)
Source of classification or shelving scheme Dewey Decimal Classification
Koha item type Books
Holdings
Lost status Source of classification or shelving scheme Damaged status Not for loan Collection code Permanent Location Current Location Shelving location Date acquired Source of acquisition Cost, normal purchase price Total Checkouts Full call number Date last seen Copy number Koha item type
  Dewey Decimal Classification     Non-fiction Central Library, University of Rajshahi Central Library, University of Rajshahi   09/06/2007 Paragon Enterprises Dhaka 30.00   B 891.4415 GHN 1994 02/11/2016 C-2 Books
  Dewey Decimal Classification   Not For Loan Non-fiction Central Library, University of Rajshahi Central Library, University of Rajshahi Reading Room 09/06/2007 Paragon Enterprises Dhaka 30.00   B 891.4415 GHN 1994 31/01/2017 C-1 Books